| 000 | 00678nam a2200241Ia 4500 | ||
|---|---|---|---|
| 001 | 20183 | ||
| 003 | DO-CoUTE | ||
| 005 | 20260204212616.0 | ||
| 008 | 220104s9999 dr 000 0 spa d | ||
| 020 | _a978-987-591-478-0 | ||
| 040 |
_aDO-CoUTE _bspa _cDO-CoUTE |
||
| 041 | 0 | _aspa | |
| 082 | _a370.1 P328j | ||
| 100 | 1 | _aPaulin, Horacio | |
| 245 | 1 | 0 | _aJóvenes y Escuela: relatos sobre una relación compleja / Horacio Paulin y Marina Tomasini |
| 260 | _aCordoba, Argentina : Brujas | ||
| 300 | _a265 páginas | ||
| 650 | 4 | _aEducación | |
| 700 | 1 | _aTomasini, Marina | |
| 942 |
_2ddc _cBK |
||
| 999 |
_c21195 _d21195 |
||